000 00792nam a2200217Ii 4500
003 JO-AjNU
008 230605s9999||||xx |||||||||||||| ||und||
020 _a2-7451-2258-4
040 _aJO-AjNU
_bara
_erda
_cJO-AjNU
041 _aara
050 1 4 _aPJ6101.I2798.2001
100 3 _aتأليف الموصلي، موفق الدين أبي البقاء يعيش بن علي بن يعيش ؛ تحقيق إميل بديع يعقوب,
_eauthor
_911528
245 0 0 _aشرح المفصل للزمخشري
250 _aط1
264 3 1 _aبيروت: دار الكتب العلمية، 2001
300 _aم6،ج6، 464ص
336 _atext
_btxt
_2rdacontent
337 _aunmediated
_bn
_2rdamedia
338 _avolume
_bnc
_2rdacarrier
650 4 _aاللغة العربية -- النحو
_911529
999 _aA2371
_c5939
_d5939